Petrologic-geochemical evidence of geologic-genetic uniformity of gold hydrothermal deposits formed in black-shale and non-shale substratum; Bulletin of the Tomsk Polytechnic University; Vol. 311, № 1
| Parent link: | Bulletin of the Tomsk Polytechnic University/ Tomsk Polytechnic University (TPU).— , 2006-2007 Vol. 311, № 1.— 2007.— [P. 24-33] |
|---|---|
| Hovedforfatter: | |
| Summary: | Заглавие с титульного листа Электронная версия печатной публикации The problem of gold deposits origin lying in crystal and black-shale substratum is discussed. The expediency of comparative research of all geologic-real-genetic factors of their formation, among which a significant value is retained by the geochemical, is emphasized. The technique of geochemical researches, based on use of substratum petrologic studying results of golden-ore fields and their frame, providing formation of multilevel system of geochemical selection representing stage-by-stage history of rock formation and their geochemical shape at each stage, is offered.The results of the offered approach realization in golden-ore deposits of the North Transbaikalia lying in the crystal substratum and Proterozoic black-shale strata in the frame of the Muiskiy ledge of the Archean base of the Siberian craton are presented. The resulted materials prove in geochemical aspect the geologic-genetic uniformity of formed in non-shale and black-shale substratum of gold hydrothermal deposits, proved by the totality of empirical data. The offered technique provides formation of regional, and in the long termglobal banks, of correct geochemical data |
| Sprog: | engelsk |
| Udgivet: |
2007
|
| Serier: | Geology and minerals |
| Fag: | |
| Online adgang: | http://www.lib.tpu.ru/fulltext/v/Bulletin_TPU/2007/v311eng/i1/05.pdf |
| Format: | MixedMaterials Electronisk Book Chapter |
| KOHA link: | https://koha.lib.tpu.ru/cgi-bin/koha/opac-detail.pl?biblionumber=182487 |
MARC
| LEADER | 00000nla2a2200000 4500 | ||
|---|---|---|---|
| 001 | 182487 | ||
| 005 | 20231031171320.0 | ||
| 035 | |a (RuTPU)RU\TPU\book\197827 | ||
| 035 | |a RU\TPU\book\197826 | ||
| 090 | |a 182487 | ||
| 100 | |a 20100622d2007 k y0rusy50 ca | ||
| 101 | 1 | |a eng |c rus | |
| 102 | |a RU | ||
| 135 | |a drnn ---uucaa | ||
| 200 | 1 | |a Petrologic-geochemical evidence of geologic-genetic uniformity of gold hydrothermal deposits formed in black-shale and non-shale substratum |b Electronic resource |f I. V. Kucherenko | |
| 203 | |a Text |c electronic | ||
| 215 | |a 1 файл (391 Кб) | ||
| 225 | 1 | |a Geology and minerals | |
| 230 | |a Электронные текстовые данные (1 файл : 391 Кб) | ||
| 300 | |a Заглавие с титульного листа | ||
| 300 | |a Электронная версия печатной публикации | ||
| 320 | |a [Bibliography: p. 33 (35 titles)] | ||
| 330 | |a The problem of gold deposits origin lying in crystal and black-shale substratum is discussed. The expediency of comparative research of all geologic-real-genetic factors of their formation, among which a significant value is retained by the geochemical, is emphasized. The technique of geochemical researches, based on use of substratum petrologic studying results of golden-ore fields and their frame, providing formation of multilevel system of geochemical selection representing stage-by-stage history of rock formation and their geochemical shape at each stage, is offered.The results of the offered approach realization in golden-ore deposits of the North Transbaikalia lying in the crystal substratum and Proterozoic black-shale strata in the frame of the Muiskiy ledge of the Archean base of the Siberian craton are presented. The resulted materials prove in geochemical aspect the geologic-genetic uniformity of formed in non-shale and black-shale substratum of gold hydrothermal deposits, proved by the totality of empirical data. The offered technique provides formation of regional, and in the long termglobal banks, of correct geochemical data | ||
| 337 | |a Adobe Reader | ||
| 461 | 1 | |0 (RuTPU)RU\TPU\book\169973 |t Bulletin of the Tomsk Polytechnic University |f Tomsk Polytechnic University (TPU) |d 2006-2007 | |
| 463 | 1 | |0 (RuTPU)RU\TPU\book\197808 |x 1684-8519 |t Vol. 311, № 1 |v [P. 24-33] |d 2007 |p 139 p. | |
| 610 | 1 | |a petrologic-geochemical evidence | |
| 610 | 1 | |a geologic-genetic uniformity | |
| 610 | 1 | |a hydrothermal deposits | |
| 610 | 1 | |a gold | |
| 610 | 1 | |a black-shale substratum | |
| 610 | 1 | |a non-shale substratum | |
| 610 | 1 | |a gold deposits | |
| 610 | 1 | |a crystal substratum | |
| 610 | 1 | |a geologic-real-genetic factors | |
| 610 | 1 | |a geochemical formations | |
| 610 | 1 | |a geochemical researches | |
| 610 | 1 | |a golden-ore fields | |
| 610 | 1 | |a geochemical selection | |
| 610 | 1 | |a rock formations | |
| 610 | 1 | |a North Transbaikalia | |
| 610 | 1 | |a empirical data | |
| 610 | 1 | |a труды учёных ТПУ | |
| 610 | 1 | |a электронный ресурс | |
| 675 | |a 553.411.071:550.4 |v 3 | ||
| 700 | 1 | |a Kucherenko |b I. V. |c Geologist |c Professor and consultant of Tomsk Polytechnic University, Doctor of geological and mineralogical sciences |f 1937- |g Igor Vasilyevich |2 stltpush |3 (RuTPU)RU\TPU\pers\32569 | |
| 801 | 1 | |a RU |b 63413507 |c 20090623 |g PSBO | |
| 801 | 2 | |a RU |b 63413507 |c 20160212 |g PSBO | |
| 856 | 4 | |u http://www.lib.tpu.ru/fulltext/v/Bulletin_TPU/2007/v311eng/i1/05.pdf | |
| 942 | |c CF | ||